[Event "EP"]
[Site "http://www.queenalice.com/game.php?id=402565"]
[Date "2008.5.13"]
[Round "-"]
[White "joanpi"]
[Black "leke"]
[Result "1-0"]
[WhiteElo "1586"]
[BlackElo "1461"]

1. e4 e6 2. d4 d5 3. e5 c6 4. a3 Ne7 5. Bd3 Nf5 6. Nf3 c5 7. Bxf5 exf5 8. O-O
Nc6 9. Bg5 f6 10. exf6 gxf6 11. Re1+ Ne7 12. Bxf6 Rg8 13. Ne5 Qd6 14. Qh5+ Kd8
15. Nf7+ Kd7 16. Nxd6 Rg6 17. Bxe7 Bxe7 18. Nxf5 Bf8 19. Qxh7+ Kc6 20. Qxg6+ Kc7
21. Qg3+ Kb6 22. Qg6+ Kb5 23. a4+ Ka5 24. Qe8 a6 25. Qd8+ Kb4 26. Qxf8 b6 27.
c3+ Kc4 28. Nd6+ Kb3 29. Nd2+ Kc2 30. Nxc8 Kxd2 31. Qf3 Kc2 32. Nxb6 Rb8 33.
Qd1+ Kxb2 34. Qd2+ Kb3 35. Reb1# 1-0

[Event "AUTO-OPEN-1132"]
[Site "http://www.queenalice.com/game.php?id=403017"]
[Date "2008.5.14"]
[Round "1"]
[White "Corinthians17"]
[Black "leke"]
[Result "0-1"]
[WhiteElo "1531"]
[BlackElo "1500"]

1. d4 d5 2. Nc3 Nf6 3. Bf4 Nc6 4. Nb5 e5 5. dxe5 Ng4 6. e6 Bxe6 7. Nxc7+ Kd7 8.
Nxa8 Qxa8 9. Nf3 Bc5 10. e3 Qd8 11. c4 Bb4+ 12. Nd2 Bf5 13. a3 Ba5 14. b4 Bc7
15. b5 Nd4 16. exd4 Re8+ 17. Be2 Bxf4 18. f3 Ne3 19. Qa4 Nc2+ 20. Kf2 Qh4+ 21.
g3 Be3+ 22. Kf1 Qh3# 0-1

[Event "AUTO-OPEN-1132"]
[Site "http://www.queenalice.com/game.php?id=403018"]
[Date "2008.5.14"]
[Round "1"]
[White "leke"]
[Black "Corinthians17"]
[Result "0-1"]
[WhiteElo "1644"]
[BlackElo "1546"]

1. e4 e5 2. Nf3 Nc6 3. Bc4 Nf6 4. Ng5 d5 5. Bb5 dxe4 6. d3 exd3 7. O-O dxc2 8.
Qxc2 Bd7 9. b3 Nd4 10. Qc4 Ne6 11. Nf3 c6 12. Ba4 b5 13. Bg5 bxc4 14. bxc4 c5
15. Nc3 e4 16. Ne5 Nxg5 17. Bd1 Qe7 18. f4 Ne6 19. Rb1 g5 20. Bh5 Nxf4 21. Nxf7
N4xh5 22. Nxh8 e3 23. Rbe1 Ng4 24. Nd5 Qe5 25. Rf7 Qxh2+ 26. Kf1 Ng3# 0-1

[Event "AUTO-OPEN-1132"]
[Site "http://www.queenalice.com/game.php?id=403055"]
[Date "2008.5.14"]
[Round "1"]
[White "Francisco_Ferraz"]
[Black "leke"]
[Result "1-0"]
[WhiteElo "1723"]
[BlackElo "1489"]

1. b3 e5 2. Bb2 Nc6 3. e3 d5 4. Bb5 a6 5. Bxc6+ bxc6 6. Bxe5 f6 7. Bb2 Rb8 8. h3
c5 9. d3 Ne7 10. Nd2 Nf5 11. Ngf3 Bd6 12. e4 Qe7 13. O-O O-O 14. exf5 Bxf5 15.
Re1 Qf7 16. Nh4 Bd7 17. c4 d4 18. Ne4 Bf4 19. Nxc5 Bc8 20. Bxd4 Rd8 21. Re4 Bd6
22. Qd2 f5 23. Re2 Rb6 24. Qg5 Bf8 25. Bf6 Rxf6 26. Rae1 Bxc5 27. Re5 Bd6 28.
Rd5 c6 29. Rd4 Bb4 30. Rxd8+ Qf8 31. Rxf8+ Rxf8 32. Re5 Bd7 33. Nxf5 Rf7 34.
Nh6+ Kf8 35. Qd8+ Be8 36. Qxe8# 1-0

[Event "AUTO-OPEN-1132"]
[Site "http://www.queenalice.com/game.php?id=403056"]
[Date "2008.5.14"]
[Round "1"]
[White "leke"]
[Black "Francisco_Ferraz"]
[Result "0-1"]
[WhiteElo "1519"]
[BlackElo "1767"]

1. d4 d5 2. Nf3 e6 3. a3 g6 4. Nc3 Nc6 5. e4 Bg7 6. Bb5 Bd7 7. Bg5 Nge7 8. O-O
O-O 9. Qe1 h6 10. Bh4 g5 11. Bg3 Nxd4 12. Nd2 Nxc2 13. Qe2 Bxb5 14. Qxb5 Nxa1
15. Qc5 Nc2 16. Nb5 Nd4 17. Nxd4 c6 18. N2f3 b6 19. Qb4 c5 20. Qc3 dxe4 21. Qe3
Bxd4 22. Qxe4 f5 23. Qxe6+ Rf7 24. Rd1 Bxf2+ 25. Kxf2 Qxd1 26. Bc7 Qc2+ 27. Qe2
Qxe2+ 28. Kxe2 Re8 29. Kf2 Nd5 30. Ne5 Rxc7 31. Nd3 c4 32. Nc1 c3 0-1

[Event "QA-ANNIV-04"]
[Site "http://www.queenalice.com/game.php?id=418519"]
[Date "2008.6.16"]
[Round "1"]
[White "leke"]
[Black "luhosavi"]
[Result "0-1"]
[WhiteElo "1461"]
[BlackElo "2113"]

1. e4 c5 2. Nf3 Nc6 3. d4 cxd4 4. Nxd4 g6 5. Nc3 Bg7 6. Be3 Nf6 7. Be2 O-O 8.
O-O d6 9. Bb5 Bd7 10. f3 a6 11. Bc4 Rc8 12. Nb3 b5 13. Bd3 Be6 14. Qe1 Ne5 15.
Be2 Bc4 16. a4 b4 17. Nd1 a5 18. Nf2 Bxe2 19. Qxe2 Nc4 20. Nd3 Nxe3 21. Rfc1 Qb6
22. Qf2 Nd7 23. c3 bxc3 24. bxc3 Rxc3 25. Re1 Rxb3 26. Rac1 Rxd3 27. Qe2 Ng4+
28. Kf1 Nxh2# 0-1

[Event "QA-ANNIV-04"]
[Site "http://www.queenalice.com/game.php?id=445685"]
[Date "2008.8.8"]
[Round "2"]
[White "Alejandrito"]
[Black "leke"]
[Result "1-0"]
[WhiteElo "2054"]
[BlackElo "1535"]

1. e4 c6 2. d4 d5 3. exd5 cxd5 4. Nf3 Nc6 5. Nc3 Nf6 6. Bb5 a6 7. Bxc6+ bxc6 8.
O-O e6 9. Bf4 Bd6 10. Bxd6 Qxd6 11. Re1 O-O 12. Na4 Rb8 13. Ne5 a5 14. Rb1 Ba6
15. Nc5 Bc8 16. Qd3 Nd7 17. Nexd7 Bxd7 18. Qe3 Bc8 19. b3 Re8 20. Rbc1 Qe7 21.
Qf4 Rb4 22. a3 Rb5 23. c4 Rb6 24. Qd2 Qa7 25. Re3 a4 26. Nxa4 Ra6 27. cxd5 Rd8
28. dxc6 Qxd4 29. Qxd4 Rxd4 30. f3 Rd2 31. Re5 Ra7 32. c7 Rd6 33. Rb5 h6 34. Rb8
Kh7 35. Rxc8 Rd7 36. Rh8+ Kxh8 37. c8=Q+ Kh7 38. Nb6 Rac7 39. Rxc7 Rxc7 40. Qxc7
Kg6 41. a4 Kf6 42. a5 Kf5 43. a6 e5 44. Qxf7+ Kg5 45. Qxg7+ Kh5 46. Qg4# 1-0

[Event "AUTO-INT-1004"]
[Site "http://www.queenalice.com/game.php?id=449499"]
[Date "2008.8.16"]
[Round "1"]
[White "punk"]
[Black "leke"]
[Result "1-0"]
[WhiteElo "1912"]
[BlackElo "1542"]

1. e4 c5 2. Nf3 d6 3. d4 cxd4 4. Nxd4 Nf6 5. Nc3 a6 6. Be2 e5 7. Nb3 Be7 8. Bg5
Bd7 9. Qd2 Nc6 10. O-O-O Ng4 11. Bxe7 Qxe7 12. Bxg4 Bxg4 13. f3 Be6 14. Qxd6 Rd8
15. Qxe7+ Kxe7 16. Nc5 Bc8 17. Nd5+ Kd6 18. Nb3 Be6 19. Nf4+ Kc7 20. Nxe6+ fxe6
21. c3 b6 22. a4 a5 23. Rxd8 Rxd8 24. Rd1 Re8 25. Nd2 g5 26. Nc4 Re7 27. b3 h5
28. g3 Rf7 29. Rd3 g4 30. Nd2 h4 31. fxg4 Rh7 32. gxh4 Rxh4 33. h3 Rh7 34. g5
Ne7 35. Nc4 Rh5 36. Rg3 Ng6 37. Kd2 Rh4 38. Ke3 Rh7 39. Rf3 Nf4 40. Nxe5 Nxh3
41. g6 Rh5 42. g7 Rh8 43. gxh8=Q Ng5 44. Qg7+ 1-0

[Event "AUTO-INT-1004"]
[Site "http://www.queenalice.com/game.php?id=449500"]
[Date "2008.8.16"]
[Round "1"]
[White "leke"]
[Black "punk"]
[Result "0-1"]
[WhiteElo "1535"]
[BlackElo "1907"]

1. e4 e5 2. Nf3 Nf6 3. Nxe5 d6 4. Nxf7 Kxf7 5. Nc3 Be7 6. Bc4+ Be6 7. Be2 Rf8 8.
d4 Kg8 9. d5 Bd7 10. f4 Na6 11. e5 dxe5 12. fxe5 Bb4 13. Bg5 h6 14. Bf4 Ne4 15.
O-O Nxc3 16. bxc3 Bxc3 17. Rb1 Nc5 18. Bc4 Bf5 19. d6+ Kh8 20. Be3 cxd6 21. exd6
b6 22. Rf3 Ne4 23. Bd5 Rc8 24. Rxf5 Rxf5 25. Qg4 Rxd5 26. Rb3 Nf6 27. Qf3 Rxd6
28. Rb1 Nd5 29. Bf2 Rf6 30. Qe4 Rxf2 31. Kxf2 Qf6+ 32. Ke2 Nf4+ 33. Kf3 Be5 34.
Rd1 Rc3+ 35. Rd3 Nxd3+ 36. Ke3 Qf2# 0-1

[Event "AUTO-INT-1068"]
[Site "http://www.queenalice.com/game.php?id=476662"]
[Date "2008.10.13"]
[Round "1"]
[White "wallt"]
[Black "leke"]
[Result "1-0"]
[WhiteElo "1874"]
[BlackElo "1550"]

1. d4 Nf6 2. d5 e6 3. c4 Bc5 4. e3 d6 5. Be2 Bb4+ 6. Nc3 Bd7 7. Bd2 Na6 8. a3
Bc5 9. Nf3 O-O 10. O-O c6 11. Ng5 e5 12. Bd3 cxd5 13. cxd5 g6 14. Nce4 Bf5 15.
Qe2 Bg4 16. Nxf6+ Qxf6 17. Qxg4 Rad8 18. Bxa6 bxa6 19. Qh4 h6 20. Qxh6 Qg7 21.
Qh3 f6 22. Ne6 Qb7 23. Qh6 Qh7 24. Qxh7+ Kxh7 25. Nxf8+ Rxf8 26. b4 Bb6 27. Rac1
f5 28. Rc6 Rf7 29. Rxd6 Bc7 30. Rxa6 Bd8 31. Rc1 e4 32. Rcc6 Bb6 33. a4 Rd7 34.
a5 Bd8 35. Rxg6 Rg7 36. Rxg7+ Kxg7 37. Bc3+ Kf7 38. Rxa7+ Ke8 39. Be5 Be7 40. b5
Bc5 41. Rc7 Bb4 42. a6 Ba5 43. Rh7 Kd8 44. a7 Kc8 45. a8=R# 1-0

[Event "AUTO-INT-1068"]
[Site "http://www.queenalice.com/game.php?id=476663"]
[Date "2008.10.13"]
[Round "1"]
[White "leke"]
[Black "wallt"]
[Result "0-1"]
[WhiteElo "1547"]
[BlackElo "1877"]

1. e4 e5 2. Nf3 Nc6 3. Bb5 Nf6 4. O-O Bd6 5. d3 O-O 6. Bc4 a6 7. Ng5 Qe7 8. Nc3
Nd8 9. Be3 Bc5 10. Qd2 Bxe3 11. Qxe3 d6 12. Qf3 Bg4 13. Qg3 h6 14. Qh4 hxg5 15.
Qxg5 Ne6 16. Qh4 Qd8 17. f3 Bh5 18. Qg3 Nd4 19. Qg5 Qd7 20. Nd5 Bg6 21. Nxf6+
gxf6 22. Qxf6 Nxc2 23. Rac1 Ne3 24. Rfe1 Nxc4 25. Rxc4 b5 26. Rc3 c5 27. Qg5 b4
28. Rc2 Kg7 29. f4 exf4 30. Qxf4 Rae8 31. Re3 Rh8 32. Rf3 Kg8 33. Qg3 Re6 34.
Qg4 Re7 35. Qg5 Rh5 36. Qf6 Qe6 37. Qxe6 Rxe6 38. h3 Re7 39. g4 Rh7 40. Rcf2 a5
41. Rf6 Re6 42. R6f4 Re5 43. h4 Rxh4 44. Kg2 Rg5 45. Kg3 Rh1 0-1

[Event "AUTO-INT-1068"]
[Site "http://www.queenalice.com/game.php?id=476678"]
[Date "2008.10.13"]
[Round "1"]
[White "CONTEMPLATIF"]
[Black "leke"]
[Result "0-1"]
[WhiteElo "1408"]
[BlackElo "1556"]

1. Nf3 d5 2. d4 Nf6 3. c4 c6 4. cxd5 cxd5 5. a3 Nc6 6. Nc3 Ng4 7. e3 a6 8. Be2
e6 9. h3 Nf6 10. O-O Bd6 11. Bd2 O-O 12. b4 Ne4 13. Rc1 Bd7 14. Na4 Qc7 15. Nc5
Be8 16. Nd3 Qd8 17. Nfe5 Qf6 18. Nxc6 bxc6 19. Nc5 Rb8 20. Nxe4 dxe4 21. f3 exf3
22. Bxf3 Qg6 0-1

[Event "AUTO-INT-1068"]
[Site "http://www.queenalice.com/game.php?id=476679"]
[Date "2008.10.13"]
[Round "1"]
[White "leke"]
[Black "CONTEMPLATIF"]
[Result "1-0"]
[WhiteElo "1540"]
[BlackElo "1408"]

1. d4 d5 2. c4 e6 3. Nc3 Nf6 4. Bg5 Be7 5. e3 c6 6. Nf3 Nbd7 7. Bd3 O-O 8. O-O
dxc4 9. Bxc4 a6 10. Bd3 b5 11. a4 Bb7 12. e4 h6 13. Be3 c5 14. e5 Nd5 15. Qd2 c4
16. Bc2 f6 17. Nh4 fxe5 18. dxe5 Nxe5 19. Ng6 Nxg6 20. Bd4 Nh8 21. b3 Nxc3 22.
Qxc3 Bf6 23. Rad1 1-0

[Event "AUTO-INT-1068"]
[Site "http://www.queenalice.com/game.php?id=476690"]
[Date "2008.10.13"]
[Round "1"]
[White "leke"]
[Black "csegura"]
[Result "1-0"]
[WhiteElo "1537"]
[BlackElo "1425"]

1. e4 c5 2. Nf3 d6 3. d4 Bg4 4. dxc5 dxc5 5. Qxd8+ Kxd8 6. Bb5 a6 7. Bc4 Bh5 8.
O-O Nf6 9. Nc3 Nc6 10. Ng5 e6 11. Be3 b6 12. Rad1+ Bxd1 13. Rxd1+ Nd7 14. Nxf7+
Ke7 15. Nxh8 a5 16. Bg5+ Nf6 17. Bb5 h6 18. Bf4 h5 19. Bxc6 Rc8 20. Ng6+ Kf7 21.
Ne5+ Ke7 22. Nd5+ exd5 23. exd5 Kd6 24. Ng6# 1-0

[Event "AUTO-INT-1068"]
[Site "http://www.queenalice.com/game.php?id=476691"]
[Date "2008.10.13"]
[Round "1"]
[White "csegura"]
[Black "leke"]
[Result "1-0"]
[WhiteElo "1370"]
[BlackElo "1570"]

1. f4 e5 2. fxe5 d6 3. d4 Qh4+ 4. g3 Qe4 5. Nf3 Nc6 6. Nbd2 Qg4 7. Rg1 Qg6 8.
Nc4 Be6 9. exd6 cxd6 10. Bg5 Bxc4 11. b3 Bd5 12. c4 Be4 13. c5 Nb4 14. Qd2 Nc2+
15. Kd1 Nxa1 16. Qb4 dxc5 17. dxc5 Bxf3 18. exf3 Qd3+ 19. Bxd3 h6 20. Qb5# 1-0

[Event "QA-ANNIV-04"]
[Site "http://www.queenalice.com/game.php?id=479263"]
[Date "2008.10.18"]
[Round "3"]
[White "leke"]
[Black "fluzon"]
[Result "1-0"]
[WhiteElo "1533"]
[BlackElo "1269"]

1. e4 e5 2. Nf3 Nf6 3. Nc3 Nc6 4. Bc4 h6 5. d4 Ng4 6. O-O Na5 7. Bb5 exd4 8.
Nxd4 Bd6 9. Qxg4 O-O 10. Nf5 g5 11. Qh5 Qf6 12. Nd5 Qe6 13. Nxh6+ Kg7 14. Qxg5+
Qg6 15. Nf5+ Kh7 16. Nf6+ Kh8 17. Qh4+ Qh5 18. Qxh5# 1-0

[Event "QA-ANNIV-04"]
[Site "http://www.queenalice.com/game.php?id=514251"]
[Date "2008.12.29"]
[Round "4"]
[White "vininb"]
[Black "leke"]
[Result "1-0"]
[WhiteElo "1904"]
[BlackElo "1538"]

1. e4 e6 2. d4 d5 3. Nd2 c5 4. Ngf3 Nc6 5. exd5 exd5 6. Bb5 Bd6 7. O-O Ne7 8.
dxc5 Bxc5 9. Re1 O-O 10. Nb3 Bd6 11. Bg5 Bb4 12. c3 1-0